[Event "SVK-chT3B2 1516"]
[Site "Slovakia"]
[Date "2016.03.06"]
[Round "9.3"]
[White "Krajcovic, Alojz"]
[Black "Alexy, Peter"]
[Result "0-1"]
[WhiteElo "1892"]
[BlackElo "1922"]
[PlyCount "68"]
[EventDate "2015.10.11"]
[EventType "team-tourn"]
[EventRounds "11"]
[EventCountry "SVK"]
[SourceTitle "EXT 2017"]
[Source "ChessBase"]
[SourceDate "2016.10.25"]
[SourceVersion "1"]
[SourceVersionDate "2016.10.25"]
[SourceQuality "1"]
[WhiteTeam "Dubnica nad Vahom III"]
[BlackTeam "Chynorany"]
[WhiteTeamCountry "SVK"]
[BlackTeamCountry "SVK"]

1. e4 c5 2. Nf3 e6 3. Nc3 Nc6 4. d4 cxd4 5. Nxd4 Nf6 6. Be3 Bb4 7. Bd3 d5 8. Nxc6 bxc6 9. exd5 exd5 10. Bd2 0-0 11. 0-0 Bg4 12. Qc1 Qc7 13. a3 Bd6 14. h3 Be6 15. Bg5 Nd7 16. Qd2 Ne5 17. Be2 Ng6 18. Bf3 a6 19. Kh1 h6 20. Be3 Rfd8 21. Ne2 Ne5 22. Ng1 Nc4 23. Qc1 Be5 24. c3 Rab8 25. b4 Nxe3 26. Qxe3 d4 27. Qc1 dxc3 28. Ne2 c5 29. bxc5 Qxc5 30. Rb1 Bf5 31. Rxb8 Rxb8 32. Qe3 Qxe3 33. fxe3 Bd3 34. Rc1 c2 0-1

[Event "SVK-chT3B2 1415"]
[Site "Slovakia"]
[Date "2014.10.26"]
[Round "2.2"]
[White "Krajcovic, Alojz"]
[Black "Duda, Daniel"]
[Result "1-0"]
[WhiteElo "1936"]
[BlackElo "1638"]
[PlyCount "49"]
[EventDate "2014.10.05"]
[EventType "team-tourn"]
[EventRounds "14"]
[EventCountry "SVK"]
[SourceTitle "EXT 2019"]
[Source "ChessBase"]
[SourceDate "2018.10.10"]
[SourceVersion "1"]
[SourceVersionDate "2018.10.10"]
[SourceQuality "1"]

1. e4 c6 2. d4 d5 3. Nc3 dxe4 4. Nxe4 Nf6 5. Nxf6+ exf6 6. Nf3 Bd6 7. Be3 0-0 8. Bd3 Bg4 9. h3 Bh5 10. g4 Bg6 11. h4 Re8 12. h5 Bxd3 13. Qxd3 Qc7 14. 0-0-0 Na6 15. c3 b5 16. g5 Bf4 17. gxf6 Bxe3+ 18. fxe3 Re6 19. Ng5 g6 20. Nxe6 fxe6 21. hxg6 Qa5 22. Rxh7 Qxa2 23. Rg7+ Kf8 24. Rh1 Qa1+ 25. Qb1 1-0

[Event "SVK-chT3B2 1314"]
[Site "Slovakia"]
[Date "2014.02.02"]
[Round "7.1"]
[White "Adamik, Bohuslav"]
[Black "Krajcovic, Alojz"]
[Result "1/2-1/2"]
[WhiteElo "1953"]
[BlackElo "1969"]
[PlyCount "65"]
[EventDate "2013.10.13"]
[EventType "team-tourn"]
[EventRounds "14"]
[EventCountry "SVK"]
[SourceTitle "EXT 2015"]
[Source "ChessBase"]
[SourceDate "2014.11.20"]
[SourceVersion "1"]
[SourceVersionDate "2014.11.20"]
[SourceQuality "1"]
[WhiteTeam "Lehota pod Vtacnikom"]
[BlackTeam "Dubnica nad Vahom III"]
[WhiteTeamCountry "SVK"]
[BlackTeamCountry "SVK"]

1. d4 Nf6 2. Nf3 g6 3. b3 Bg7 4. Bb2 0-0 5. e3 c6 6. Bd3 d5 7. 0-0 Nbd7 8. Nbd2 Re8 9. c4 e6 10. Qc2 Nh5 11. cxd5 exd5 12. b4 Qb6 13. Bc3 Bf8 14. Rfb1 Ng7 15. a4 Ne6 16. Qa2 a6 17. Nf1 Qc7 18. Ng3 b6 19. Rc1 Bb7 20. Rab1 Rec8 21. Qb3 Qd6 22. Rd1 Bg7 23. Bb2 Rc7 24. Ba3 Bf8 25. Ra1 b5 26. a5 Re8 27. Rab1 Bg7 28. Bc1 Ndf8 29. Bd2 Rce7 30. Re1 Nd7 31. Qc2 f5 32. Re2 Nf6 33. Be1 1/2-1/2

[Event "SVK-chT3B2 1112"]
[Site "Slovakia"]
[Date "2011.11.27"]
[Round "3.1"]
[White "Krajcovic, Alojz"]
[Black "Kurtulik, Anton"]
[Result "1/2-1/2"]
[WhiteElo "1998"]
[BlackElo "1871"]
[PlyCount "34"]
[EventDate "2011.10.23"]
[EventType "team-tourn"]
[EventRounds "9"]
[EventCountry "SVK"]
[SourceTitle "EXT 2013"]
[Source "ChessBase"]
[SourceDate "2012.11.22"]
[SourceVersion "1"]
[SourceVersionDate "2012.11.22"]
[SourceQuality "1"]
[WhiteTeam "Dubnica nad Vahom III"]
[BlackTeam "Prievidza SK IV"]
[WhiteTeamCountry "SVK"]
[BlackTeamCountry "SVK"]

1. e4 c5 2. Nf3 Nc6 3. d4 cxd4 4. Nxd4 d6 5. Nc3 e6 6. Be3 a6 7. Qd2 Nf6 8. Be2 Be7 9. f4 Qc7 10. Bf3 0-0 11. 0-0 Bd7 12. Rad1 Rac8 13. Kh1 b5 14. a3 Na5 15. Be2 Nc4 16. Bxc4 Qxc4 17. Qd3 Qc7 1/2-1/2